000 00347 a2200169 4500
001 188322
020 _a85-7208-459-2
040 _cMagnum
100 _aPereira, Otoniel S
240 1 0 _aBichário
_lpor
245 1 0 _aBichário
300 _a32
362 0 _a2006
440 1 _aFormato
697 _aLITERATURA INFANTO-JUVENIL
942 _cBK
999 _c188322
_d188322